Statistics for Every Champions League Goalscorer (2019/20)

Click here to take the quiz!

General Stats

  • This quiz has been taken 33 times
    (14 since last reset)
  • The average score is 100 of 186

Answer Stats

Answer% Correct
Andrew Robertson
100%
Ángel Di María
100%
Antoine Griezmann
100%
Cristiano Ronaldo
100%
Dries Mertens
100%
Erling Braut Håland
100%
Harry Kane
100%
Hirving Lozano
100%
João Félix
100%
Juan Cuadrado
100%
Karim Benzema
100%
Kylian Mbappé
100%
Lautaro Martínez
100%
Lionel Messi
100%
Luis Suárez
100%
Mauro Icardi
100%
Mohamed Salah
100%
Moussa Dembélé
100%
Naby Keïta
100%
Neymar
100%
Robert Lewandowski
100%
Roberto Firmino
100%
Sadio Mané
100%
Sergio Agüero
100%
Son Heung-min
100%
Thomas Müller
100%
Vinícius Júnior
100%
Achraf Hakimi
88%
Arkadiusz Milik
88%
Dejan Lovren
88%
Douglas Costa
88%
Emil Forsberg
88%
Eric Maxim Choupo-Moting
88%
Gabriel Jesus
88%
Hakim Ziyech
88%
Jadon Sancho
88%
Jorginho
88%
Joshua Kimmich
88%
Josip Iličić
88%
Kevin De Bruyne
88%
Lorenzo Insigne
88%
Luis Muriel
88%
Luka Modrić
88%
Paulo Dybala
88%
Raheem Sterling
88%
Riyad Mahrez
88%
Romelu Lukaku
88%
Serge Gnabry
88%
Tammy Abraham
88%
Aaron Ramsey
75%
Blaise Matuidi
75%
Casemiro
75%
Charles Aránguiz
75%
Christian Pulisic
75%
Corentin Tolisso
75%
Dani Olmo
75%
Duván Zapata
75%
Edinson Cavani
75%
Fernando Llorente
75%
Georginio Wijnaldum
75%
Héctor Herrera
75%
İlkay Gündoğan
75%
Kingsley Coman
75%
Leon Goretzka
75%
Marcel Sabitzer
75%
Marcos Llorente
75%
Memphis Depay
75%
Rafa Silva
75%
Rodrygo
75%
Sergio Ramos
75%
Stefan Savić
75%
Thomas Partey
75%
Timo Werner
75%
Toni Kroos
75%
Tyler Adams
75%
Álvaro Morata
63%
Carlos Vinícius
63%
César Azpilicueta
63%
Christian Eriksen
63%
Dele Alli
63%
Donny van de Beek
63%
Edson Álvarez
63%
Ferran Torres
63%
Gonzalo Higuaín
63%
Hwang Hee-chan
63%
Ivan Perišić
63%
Lucas Moura
63%
Mario Pašalić
63%
Marquinhos
63%
Mateo Kovačić
63%
Matías Vecino
63%
Phil Foden
63%
Philippe Coutinho
63%
Robin Gosens
63%
Saúl
63%
Serge Aurier
63%
Takumi Minamino
63%
Thomas Meunier
63%
Aleksei Miranchuk
50%
Ansu Fati
50%
Erik Lamela
50%
Federico Bernardeschi
50%
Giovani Lo Celso
50%
Hans Hateboer
50%
Julian Brandt
50%
Maxwel Cornet
50%
Nicolás Tagliafico
50%
Papu Gómez
50%
Ruslan Malinovskyi
50%
Sardar Azmoun
50%
Victor Osimhen
50%
Willian
50%
Antonio Candreva
38%
Artem Dzyuba
38%
Clément Lenglet
38%
Denis Cheryshev
38%
Dominik Szoboszlai
38%
Felipe
38%
Geoffrey Kondogbia
38%
Juan Bernat
38%
Kevin Volland
38%
Konrad Laimer
38%
Mislav Oršić
38%
Nicolò Barella
38%
Pablo Sarabia
38%
Remo Freuler
38%
Timothy Castagne
38%
Youssef El-Arabi
38%
Alex Oxlade-Chamberlain
25%
Bertrand Traoré
25%
Bruno Petković
25%
Daniel Wass
25%
Hans Vanaken
25%
Haris Seferović
25%
Houssem Aouar
25%
Isco
25%
Joachim Andersen
25%
Jonathan Ikoné
25%
Kevin Gameiro
25%
Manor Solomon
25%
Michy Batshuayi
25%
Patson Daka
25%
Quincy Promes
25%
Reece James
25%
Rodrigo
25%
Ryan Sessegnon
25%
Tetê
25%
Tomáš Souček
25%
Alan Patrick
13%
Carles Pérez
13%
Carlos Soler
13%
Dani Parejo
13%
Dodô
13%
Emmanuel Dennis
13%
Grzegorz Krychowiak
13%
Júnior Moraes
13%
Lucas Tousart
13%
Martin Terrier
13%
Peter Olayinka
13%
Pizzi
13%
Sven Bender
13%
Adem Büyük
0%
Andreas Ulmer
0%
Arijan Ademi
0%
Daniel Podence
0%
Diego Demme
0%
Dmitri Barinov
0%
Franco Cervi
0%
Guilherme
0%
Jan Bořil
0%
Jhon Lucumí
0%
Krépin Diatta
0%
Loïc Rémy
0%
Luka Ivanušec
0%
Magomed Ozdoyev
0%
Marin Leovac
0%
Mathieu Valbuena
0%
Mbwana Samatta
0%
Miloš Vulić
0%
Nemanja Milunović
0%
Raúl de Tomás
0%
Richmond Boakye
0%
Rúben Semedo
0%
Stephen Odey
0%
Yaroslav Rakitskiy
0%
Yevhen Konoplyanka
0%

Score Distribution

Percentile by Number Answered

Percent of People with Each Score

Your Score History

You have not taken this quiz since the last reset